Cotton: Cultivation and fertilization (Record no. 20233)

MARC details
000 -LEADER
fixed length control field 00269nam a2200109Ia 4500
082 ## - DEWEY DECIMAL CLASSIFICATION NUMBER
Classification number 633.51
Item number MUL
100 ## - MAIN ENTRY--AUTHOR NAME
Personal name G
245 #0 - TITLE STATEMENT
Title Cotton: Cultivation and fertilization
260 ## - PUBLICATION, DISTRIBUTION, ETC. (IMPRINT)
Place of publication Germany
Name of publisher Ruhr Stick
Year of publication 1960
942 ## - ADDED ENTRY ELEMENTS (KOHA)
Koha item type Books
Holdings
Withdrawn status Lost status Damaged status Not for loan Home library Current library Date acquired Full call number Accession Number Koha item type
        RRII Library RRII Library 16/12/2021 633.51 MUL 00962 Books